<?xml version="1.0" encoding="UTF-8"?>
<record
    xmlns:xsi="http://www.w3.org/2001/XMLSchema-instance"
    xsi:schemaLocation="http://www.loc.gov/MARC21/slim http://www.loc.gov/standards/marcxml/schema/MARC21slim.xsd"
    xmlns="http://www.loc.gov/MARC21/slim">

  <leader>02839nam a22003255a 4500</leader>
  <datafield tag="999" ind1=" " ind2=" ">
    <subfield code="c">27227</subfield>
    <subfield code="d">27198</subfield>
  </datafield>
  <controlfield tag="003">EG-ScBUE</controlfield>
  <controlfield tag="005">20190311134841.0</controlfield>
  <controlfield tag="008">190311s2018    ua     fqb    000 0 ara d</controlfield>
  <datafield tag="017" ind1=" " ind2=" ">
    <subfield code="a">2018 / 23702</subfield>
  </datafield>
  <datafield tag="020" ind1=" " ind2=" ">
    <subfield code="a">9789772013555</subfield>
  </datafield>
  <datafield tag="040" ind1=" " ind2=" ">
    <subfield code="a">EG-ScBUE</subfield>
    <subfield code="b">ara</subfield>
    <subfield code="c">EG-ScBUE</subfield>
    <subfield code="d">EG-ScBUE</subfield>
  </datafield>
  <datafield tag="043" ind1=" " ind2=" ">
    <subfield code="a">ma-----</subfield>
    <subfield code="a">n-us---</subfield>
  </datafield>
  <datafield tag="082" ind1="0" ind2="4">
    <subfield code="a">327.730174927</subfield>
    <subfield code="b">&#x639; &#x628; &#x62F;</subfield>
    <subfield code="2">22</subfield>
  </datafield>
  <datafield tag="100" ind1="1" ind2=" ">
    <subfield code="a">&#x639;&#x628;&#x62F; &#x627;&#x644;&#x644;&#x647;&#x60C; &#x647;&#x627;&#x646;&#x64A;.</subfield>
  </datafield>
  <datafield tag="245" ind1="1" ind2="0">
    <subfield code="a">&#x635;&#x646;&#x639; &#x641;&#x64A; &#x648;&#x627;&#x634;&#x646;&#x637;&#x646; :</subfield>
    <subfield code="b">&#x62F;&#x627;&#x639;&#x634; &#x648; &#x627;&#x644;&#x627;&#x646;&#x62A;&#x641;&#x627;&#x636;&#x627;&#x62A; &#x627;&#x644;&#x639;&#x631;&#x628;&#x64A;&#x629; &#x648; &#x627;&#x644;&#x645;&#x62E;&#x627;&#x628;&#x631;&#x627;&#x62A; &#x627;&#x644;&#x623;&#x645;&#x631;&#x64A;&#x643;&#x64A;&#x629; : &#x648;&#x62B;&#x627;&#x626;&#x642; &#x62A;&#x641;&#x643;&#x64A;&#x643; &#x627;&#x644;&#x634;&#x631;&#x642; &#x627;&#x644;&#x623;&#x648;&#x633;&#x637; /</subfield>
    <subfield code="c">&#x647;&#x627;&#x646;&#x64A; &#x639;&#x628;&#x62F; &#x627;&#x644;&#x644;&#x647;.</subfield>
  </datafield>
  <datafield tag="250" ind1=" " ind2=" ">
    <subfield code="a">&#x637;. 1.</subfield>
  </datafield>
  <datafield tag="260" ind1=" " ind2=" ">
    <subfield code="a">&#x627;&#x644;&#x642;&#x627;&#x647;&#x631;&#x629; :</subfield>
    <subfield code="b">&#x645;&#x643;&#x62A;&#x628;&#x629; &#x631;&#x648;&#x632; &#x627;&#x644;&#x64A;&#x648;&#x633;&#x641;&#x60C;</subfield>
    <subfield code="c">2018.</subfield>
  </datafield>
  <datafield tag="300" ind1=" " ind2=" ">
    <subfield code="a">294 &#x635;. &#x61B;</subfield>
    <subfield code="c">24 &#x633;&#x645;.</subfield>
  </datafield>
  <datafield tag="504" ind1=" " ind2=" ">
    <subfield code="a">&#x64A;&#x634;&#x62A;&#x645;&#x644; &#x639;&#x644;&#x649; &#x625;&#x631;&#x62C;&#x627;&#x639;&#x627;&#x62A; &#x628;&#x628;&#x644;&#x64A;&#x648;&#x62C;&#x631;&#x627;&#x641;&#x64A;&#x629;.</subfield>
  </datafield>
  <datafield tag="520" ind1=" " ind2=" ">
    <subfield code="a">- &#x64A;&#x62A;&#x636;&#x645;&#x646; &#x627;&#x644;&#x643;&#x62A;&#x627;&#x628; 20 &#x648;&#x62B;&#x64A;&#x642;&#x629; &#x639;&#x646; "&#x62A;&#x641;&#x643;&#x64A;&#x643; &#x627;&#x644;&#x634;&#x631;&#x642; &#x627;&#x644;&#x623;&#x648;&#x633;&#x637;".. &#x62D;&#x64A;&#x62B; &#x64A;&#x648;&#x62B;&#x642; &#x644;&#x639;&#x62F;&#x629; &#x623;&#x634;&#x64A;&#x627;&#x621; &#x623;&#x647;&#x645;&#x647;&#x627;: &#x645;&#x627;&#x630;&#x627; &#x62D;&#x62F;&#x62B; &#x628;&#x627;&#x644;&#x636;&#x628;&#x637; &#x628;&#x645;&#x646;&#x637;&#x642;&#x629; &#x627;&#x644;&#x634;&#x631;&#x642; &#x627;&#x644;&#x623;&#x648;&#x633;&#x637;&#x61F;.. &#x648;&#x645;&#x627; &#x627;&#x644;&#x628;&#x631;&#x627;&#x645;&#x62C; &#x648;"&#x627;&#x644;&#x623;&#x62C;&#x646;&#x62F;&#x627;&#x62A; &#x627;&#x644;&#x62F;&#x648;&#x644;&#x64A;&#x629;" &#x627;&#x644;&#x62A;&#x64A; &#x62A;&#x645; &#x62A;&#x636;&#x645;&#x64A;&#x646;&#x647;&#x627; &#x623;&#x62B;&#x646;&#x627;&#x621; &#x627;&#x644;&#x627;&#x646;&#x62A;&#x641;&#x627;&#x636;&#x627;&#x62A; &#x627;&#x644;&#x62A;&#x64A; &#x627;&#x646;&#x62F;&#x644;&#x639;&#x62A;&#x60C; &#x627;&#x628;&#x62A;&#x62F;&#x627;&#x621;&#x64B; &#x645;&#x646; 2011.
- &#x643;&#x645;&#x627; &#x64A;&#x64F;&#x62C;&#x64A;&#x628; &#x627;&#x644;&#x643;&#x62A;&#x627;&#x628; &#x639;&#x646; &#x639;&#x62F;&#x629; &#x623;&#x633;&#x626;&#x644;&#x629; &#x62A;&#x634;&#x63A;&#x644; &#x627;&#x644;&#x631;&#x623;&#x64A; &#x627;&#x644;&#x639;&#x627;&#x645; &#x645;&#x62B;&#x644;:
- &#x645;&#x62A;&#x649; &#x628;&#x62F;&#x623;&#x62A; &#x628;&#x631;&#x627;&#x645;&#x62C; "&#x62A;&#x63A;&#x64A;&#x64A;&#x631; &#x627;&#x644;&#x623;&#x646;&#x638;&#x645;&#x629;" &#x62F;&#x627;&#x62E;&#x644; &#x627;&#x644;&#x648;&#x644;&#x627;&#x64A;&#x627;&#x62A; &#x627;&#x644;&#x645;&#x62A;&#x62D;&#x62F;&#x629; &#x627;&#x644;&#x623;&#x645;&#x631;&#x64A;&#x643;&#x64A;&#x629;&#x61F;
- &#x643;&#x64A;&#x641; &#x627;&#x646;&#x639;&#x643;&#x633;&#x62A; &#x62A;&#x644;&#x643; &#x627;&#x644;&#x628;&#x631;&#x627;&#x645;&#x62C; &#x639;&#x644;&#x649; &#x627;&#x644;&#x645;&#x646;&#x637;&#x642;&#x629; &#x627;&#x644;&#x639;&#x631;&#x628;&#x64A;&#x629;&#x61F;
- &#x644;&#x645;&#x627;&#x630;&#x627; &#x627;&#x646;&#x642;&#x644;&#x628; "&#x627;&#x644;&#x634;&#x631;&#x642; &#x627;&#x644;&#x623;&#x648;&#x633;&#x637;" &#x643;&#x644;&#x647; &#x631;&#x623;&#x633;&#x64B;&#x627; &#x639;&#x644;&#x649; &#x639;&#x642;&#x628; &#x641;&#x64A; 2011&#x645; &#x628;&#x627;&#x644;&#x630;&#x627;&#x62A;&#x61F;
- &#x643;&#x64A;&#x641; &#x648;&#x62C;&#x647;&#x62A; "&#x645;&#x62E;&#x627;&#x628;&#x631;&#x627;&#x62A; &#x648;&#x627;&#x634;&#x646;&#x637;&#x646;" &#x627;&#x644;&#x62D;&#x631;&#x643;&#x627;&#x62A; &#x627;&#x644;&#x627;&#x62D;&#x62A;&#x62C;&#x627;&#x62C;&#x64A;&#x629; &#x644;&#x644;&#x62A;&#x62E;&#x62F;&#x64A;&#x645; &#x639;&#x644;&#x649; &#x623;&#x62C;&#x646;&#x62F;&#x629; &#x627;&#x644;&#x62A;&#x63A;&#x64A;&#x64A;&#x631;&#x61F;
- &#x643;&#x64A;&#x641; &#x643;&#x627;&#x646; &#x62A;&#x64A;&#x627;&#x631; &#x627;&#x644;&#x625;&#x633;&#x644;&#x627;&#x645; &#x627;&#x644;&#x633;&#x64A;&#x627;&#x633;&#x64A; &#x647;&#x648; "&#x62D;&#x635;&#x627;&#x646; &#x637;&#x631;&#x648;&#x627;&#x62F;&#x629;" &#x627;&#x644;&#x630;&#x64A; &#x631;&#x627;&#x647;&#x646;&#x62A; &#x639;&#x644;&#x64A;&#x647; &#x648;&#x627;&#x634;&#x646;&#x637;&#x646;&#x61F;
- &#x643;&#x645;&#x627; &#x64A;&#x62A;&#x637;&#x631;&#x642; "&#x635;&#x646;&#x639; &#x641;&#x64A; &#x648;&#x627;&#x634;&#x646;&#x637;&#x646; &#x623;&#x64A;&#x636;&#x64B;&#x627; &#x625;&#x644;&#x649; &#x639;&#x644;&#x627;&#x642;&#x629; &#x627;&#x644;&#x645;&#x62E;&#x627;&#x628;&#x631;&#x627;&#x62A; &#x627;&#x644;&#x639;&#x633;&#x643;&#x631;&#x64A;&#x629; &#x627;&#x644;&#x623;&#x645;&#x631;&#x64A;&#x643;&#x64A;&#x629; &#x628;&#x62A;&#x623;&#x633;&#x64A;&#x633; "&#x62F;&#x627;&#x639;&#x634; &#x628;&#x627;&#x644;&#x639;&#x631;&#x627;&#x642; &#x648;&#x627;&#x644;&#x634;&#x627;&#x645;"&#x60C; &#x648;&#x643;&#x64A;&#x641; &#x623;&#x646; &#x627;&#x633;&#x62A;&#x646;&#x632;&#x627;&#x641; &#x646;&#x641;&#x637; &#x648;&#x62B;&#x631;&#x648;&#x627;&#x62A; &#x627;&#x644;&#x639;&#x631;&#x628; &#x623;&#x647;&#x645; &#x623;&#x647;&#x62F;&#x627;&#x641; &#x623;&#x62C;&#x646;&#x62F;&#x629; &#x627;&#x644;&#x62A;&#x63A;&#x64A;&#x64A;&#x631; &#x628;&#x627;&#x644;&#x645;&#x646;&#x637;&#x642;&#x629;.</subfield>
  </datafield>
  <datafield tag="610" ind1="2" ind2="7">
    <subfield code="a">&#x62F;&#x627;&#x639;&#x634; (&#x645;&#x646;&#x638;&#x645;&#x629;)&#x200F;</subfield>
    <subfield code="2">BUEsh</subfield>
  </datafield>
  <datafield tag="650" ind1=" " ind2="7">
    <subfield code="a">&#x627;&#x644;&#x62B;&#x648;&#x631;&#x627;&#x62A;</subfield>
    <subfield code="z">&#x627;&#x644;&#x628;&#x644;&#x627;&#x62F; &#x627;&#x644;&#x639;&#x631;&#x628;&#x64A;&#x629;</subfield>
    <subfield code="y">&#x642;&#x631;&#x646; 21.</subfield>
    <subfield code="2">BUEsh</subfield>
  </datafield>
  <datafield tag="650" ind1=" " ind2="7">
    <subfield code="a">&#x627;&#x644;&#x631;&#x628;&#x64A;&#x639; &#x627;&#x644;&#x639;&#x631;&#x628;&#x64A;&#x60C; 2010.</subfield>
    <subfield code="2">BUEsh</subfield>
  </datafield>
  <datafield tag="650" ind1=" " ind2="7">
    <subfield code="a">&#x627;&#x644;&#x625;&#x631;&#x647;&#x627;&#x628;</subfield>
    <subfield code="x">&#x62C;&#x648;&#x627;&#x646;&#x628; &#x633;&#x64A;&#x627;&#x633;&#x64A;&#x629;.</subfield>
    <subfield code="2">BUEsh</subfield>
  </datafield>
  <datafield tag="650" ind1=" " ind2="7">
    <subfield code="a">&#x627;&#x644;&#x645;&#x62E;&#x627;&#x628;&#x631;&#x627;&#x62A;</subfield>
    <subfield code="z">&#x627;&#x644;&#x648;&#x644;&#x627;&#x64A;&#x627;&#x62A; &#x627;&#x644;&#x645;&#x62A;&#x62D;&#x62F;&#x629; &#x627;&#x644;&#x623;&#x645;&#x631;&#x64A;&#x643;&#x64A;&#x629;.</subfield>
    <subfield code="2">BUEsh</subfield>
    <subfield code="9">27266</subfield>
  </datafield>
  <datafield tag="651" ind1=" " ind2="7">
    <subfield code="a">&#x627;&#x644;&#x648;&#x644;&#x627;&#x64A;&#x627;&#x62A; &#x627;&#x644;&#x645;&#x62A;&#x62D;&#x62F;&#x629; &#x627;&#x644;&#x623;&#x645;&#x631;&#x64A;&#x643;&#x64A;&#x629;</subfield>
    <subfield code="x">&#x639;&#x644;&#x627;&#x642;&#x627;&#x62A; &#x62E;&#x627;&#x631;&#x62C;&#x64A;&#x629;</subfield>
    <subfield code="z">&#x627;&#x644;&#x628;&#x644;&#x627;&#x62F; &#x627;&#x644;&#x639;&#x631;&#x628;&#x64A;&#x629;.</subfield>
    <subfield code="2">BUEsh</subfield>
  </datafield>
  <datafield tag="651" ind1=" " ind2="7">
    <subfield code="a">&#x627;&#x644;&#x628;&#x644;&#x627;&#x62F; &#x627;&#x644;&#x639;&#x631;&#x628;&#x64A;&#x629;</subfield>
    <subfield code="x">&#x639;&#x644;&#x627;&#x642;&#x627;&#x62A; &#x62E;&#x627;&#x631;&#x62C;&#x64A;&#x629;</subfield>
    <subfield code="z">&#x627;&#x644;&#x648;&#x644;&#x627;&#x64A;&#x627;&#x62A; &#x627;&#x644;&#x645;&#x62A;&#x62D;&#x62F;&#x629; &#x627;&#x644;&#x623;&#x645;&#x631;&#x64A;&#x643;&#x64A;&#x629;.</subfield>
    <subfield code="2">BUEsh</subfield>
  </datafield>
  <datafield tag="653" ind1=" " ind2=" ">
    <subfield code="b">BUSBOL</subfield>
    <subfield code="c">March2019</subfield>
  </datafield>
  <datafield tag="942" ind1=" " ind2=" ">
    <subfield code="2">ddc</subfield>
  </datafield>
  <datafield tag="952" ind1=" " ind2=" ">
    <subfield code="0">0</subfield>
    <subfield code="1">0</subfield>
    <subfield code="2">ddc</subfield>
    <subfield code="4">0</subfield>
    <subfield code="7">0</subfield>
    <subfield code="8">&#x631;&#x648;&#x632; &#x627;&#x644;&#x64A;&#x648;&#x633;&#x641;</subfield>
    <subfield code="a">MAIN</subfield>
    <subfield code="b">MAIN</subfield>
    <subfield code="c">1ST</subfield>
    <subfield code="d">2019-03-11</subfield>
    <subfield code="e">Purchase</subfield>
    <subfield code="g">75.00</subfield>
    <subfield code="h">0008422</subfield>
    <subfield code="o">327.730174927 &#x639; &#x628; &#x62F;</subfield>
    <subfield code="p">000044365</subfield>
    <subfield code="r">2025-07-15 00:00:00</subfield>
    <subfield code="v">93.75</subfield>
    <subfield code="y">BB</subfield>
  </datafield>
</record>
